000 00851cab a22002295a 4500
001 L148903
008 091123e20091024xxka f s 000 0 eng d
035 _a(Sirsi) u148903
041 0 _aeng
100 1 _aJohnston, Bryan
245 0 0 _aTime for unification
260 _c2009
490 _aEstates Gazette
_v(0942) 24 October 2009, 168-170(3)
520 _aExamines proposed changes to the law of limitation and their impact on contractual dispute. The goal is to create a uniform limitation period for civil law claims, particularly claims under contracts and in tort.
590 _aKA
650 2 4 _aLIMITATION ACT 1990
651 4 _aEngland and Wales
_y1543-
690 _aMANAGEMENT-DISPUTE AVOIDANCE, MANAGEMENT AND RESOLUTION-DISPUTE MANAGEMENT AND RESOLUTION
700 1 _aEgbochue, Chidi
700 1 _aNicholas, Clare
942 _n0
999 _c82001
_d82001